000 00327nam a2200145Ia 4500
008 150201s2008 xx 000 0 und d
082 _a617.51
_bM08S
100 _aSAHOO, G.C.
245 _aMCQ,S IN ENT
250 _a1ST
260 _bJAYPEE BROTHERS
_aDELHI
_c2008
300 _a1-210
650 _aE.N.T.
942 _2ddc
_cBK
_06
999 _c125
_d125